00680nam a22001937a 4500999001900000005001700019010001500036020003100051035001400082037001300096082001400109100001700123245005300140260004000193270007800233300002100311942002800332952012600360 c190475d19047520220726150012.0 aENG-133947 c1100.00a978-81-321-0508-4 aEN-117479 bDBAD/PUB a344.54046 aBhat, Sairam aNatural Resources Conservation Law/cSairam Bhat aNew DelhibSage Publications c2010 aBI/I-1 Mohan Cooperative Industrial Area, Mathura RoadbNew Delhie110044 a554p.c22cm(hbk) 2ddccENh344.54046mBHA 001040708NFICaBNbBNd2022-07-26eDBAD/PUBg1100.00l0o344.54046 BHApEN-117479r2022-07-26 00:00:00t1v1100.00yEN